Bossowie - Bloodborne - Statystyki

Ogólne statystyki
  • Ten quiz został rozwiązany 69 razy
  • Średni wynik to 12 z 22
Statystyki odpowiedzi
numer Boss % Poprawnych
1. Bestia Kleryka
91%
3. Pastor Amelia
83%
4. Bestia Żądna Krwi
76%
2. Ojciec Gascoigne
67%
15. Mamka Mergo
59%
11. Odrodzony
59%
10. Rom, Tępy Pająk
59%
22. Sierota Kos
59%
8. Cienie Yharnam
54%
17. Obecność Księżyca
54%
7. Amygdala
52%
13. Ebrietas, Córka Kosmosu
52%
12. Gwiezdny Emisariusz
48%
20. Lady Maria z Astralnej Wieży Zegarowej
48%
9. Męczennik Logarius
48%
14. Micolash, Gospodarz Koszmaru
48%
19. Żywe Porażki
46%
16. Gehrman, Pierwszy Tropiciel
41%
21. Laurence, Pierwszy Pastor
37%
5. Mroczna Bestia Paarl
37%
18. Ludwig Przeklęty
30%
6. Wiedźma z Chemwick
22%
Nie znaleziono quizów pasujących do podanych kryteriów
Rozkład punktacji
Procent ludzi z każdym wynikiem
Percentyl według liczby udzielonych odpowiedzi
Twoja historia wyników
Nie rozwiązałeś tego quizu